Memperkasa usahawan : panduan lengkap pengurusan perniagaaan dan penjanaan usahawan

Bibliographic Details
Main Author: Wan Liz Ozman Wan Omar
Corporate Author: Title
Other Authors: Sulzari Mohamed
Format: Book
Published: Kuala Lumpur : Utusan Publications & Distributors , 2006
Series:Siri pengurusan dan perniagaan Utusan
Subjects:

MARC

LEADER 00000cam a2200000 7i4500
001 0000012789
005 20080102.0
008 080102
020 |a 9676112631 
090 0 0 |a 338.04   |b WAN 
100 0 |a Wan Liz Ozman Wan Omar 
245 1 0 |a Memperkasa usahawan :   |b panduan lengkap pengurusan perniagaaan dan penjanaan usahawan   |c Wan Liz Ozman Wan Omar, Sulzari Mohamed 
260 |a Kuala Lumpur :   |b Utusan Publications & Distributors ,   |c 2006 
440 |a Siri pengurusan dan perniagaan Utusan 
650 0 |a Business   |x Management   |x Handbooks manual, etc 
650 0 |a Entrepreneurship   |x Handbooks, manual, etc 
650 0 |a Success in Business   |x Handbooks, manual, etc 
700 0 |a Sulzari Mohamed 
710 0 |a Title 
999 |a 0000910691   |b Book   |c Adult Collection   |e Cawangan Bandar Tenggara 
999 |a 0001010786   |b Book   |c Adult Collection   |e Perbadanan Perpustakaan Awam Johor 
999 |a 0001010787   |b Book   |c Adult Collection   |e Perbadanan Perpustakaan Awam Johor 
999 |a 0001010788   |b Book   |c Adult Collection   |e Perbadanan Perpustakaan Awam Johor